Mystery XI #9 - Statistics

General Stats
  • This quiz has been taken 231 times
  • The average score is 6 of 11
Answer Stats
Answer % Correct
Dida
92%
Kaka
91%
Andrea Pirlo
88%
Alessandro Nesta
81%
Clarence Seedorf
79%
Cafu
74%
Ronaldo Nazario
73%
Dario Simic
12%
Giuseppe Favalli
8%
Ricardo Oliveira
8%
Cristian Brocchi
6%
No matching quizzes found
Score Distribution
Percent of People with Each Score
Percentile by Number Answered
Your Score History
You have not taken this quiz